• 首页
  • 本馆介绍
  • 公告通知
  • 最新文献
  • 馆藏检索
  • 电子资源
  • 读者导购
  • 参考咨询
  • 我的图书馆
  • 登录
  • 详细信息显示
  • 放入我的书架
  • 预约/预借图书
  • 作者相关作品
  • 分类相关作品
  • 丛书相关作品
  • 出版社相关作品

书目信息

  • 表格格式
  • 工作单格式
  • 卡片格式
题名:
怎样测量螺纹
    
 
作者: 唐敬修 编著
分册:  
出版信息: 北京   机械工业出版社  1974.07
页数: 89页
开本: 18cm
丛书名:
单 册:
中图分类: TG8
科图分类:
主题词: 公差 , 技术测量 , 机械量仪 , 量具
电子资源:
ISBN:
000 00586nam0 2200229 45
001 0405211555
005 20040521150934.4
010    @dCNY0.22
100    @a20040521d1974 km y0chiy0120 ea
101 0  @achi
105    @a z 000yy
200 1  @a怎样测量螺纹@AZen Yang Ce Liang Luo Wen@f唐敬修编著@FTang Jing Xiu Bian Zhu
210    @a北京@c机械工业出版社@d1974.07
215    @a89页@d18cm
606 0  @a公差
606 0  @a技术测量
606 0  @a机械量仪
606 0  @a量具
690    @aTG8@v3
701  0 @a唐敬修@4编著
801    @aCN@bPftUser@c20040521
905    @f1@b17838@dTG8@e14
    
    怎样测量螺纹/唐敬修编著.-北京:机械工业出版社,1974.07
    89页;18cm
    
    
    ISBN :CNY0.22
    
●
相关链接 在E读中查询图书 在五车中查询图书 在当当中查询图书 在豆瓣中查询图书


正题名:怎样测量螺纹     索取号:TG8/14         预约/预借

序号 登录号 条形码 馆藏地/架位号 状态 备注
1 0017838   001363474   第三借阅区/ [索取号:TG8/14] 在馆    
唐山师范学院图书馆 欢迎您!
大连网信软件有限公司© 版权所有